Ч. 1 : Линейная алгебра. Векторная алгебра. Аналитическая геометрия; Сборник задач по математике
| Parent link: | Сборник задач по математике: в 2 ч./ Л. Б. Гиль, А. В. Тищенкова; Национальный исследовательский Томский политехнический университет (ТПУ), Юргинский технологический институт (филиал) (ЮТИ), Кафедра информационных систем (ИС). Ч. 1 : Линейная алгебра. Векторная алгебра. Аналитическая геометрия.— 2-е изд..— , 2016 |
|---|---|
| Auteur principal: | |
| Collectivité auteur: | |
| Autres auteurs: | |
| Résumé: | Заглавие с титульного экрана Пособие содержит примеры и задачи по линейной алгебре, векторной алгебре и аналитической геометрии, является первой частью комплекта учебных пособий под общим названием «Сборник задач по математике». В каждой главе представлены необходимые для усвоения основных понятий теоретические сведения, большое количество задач разного уровня сложности на закрепление теоретического материала, многие из которых сопровождаются подробными решениями и иллюстрациями, проверочные тесты, варианты контрольных работ. Для организации самостоятельной работы студентов предусмотрен автоматизированный самоконтроль при наличии устройства «Символ-Вуз».Предназначено для студентов 1 курса машиностроительных специальностей технического вуза. Режим доступа: из корпоративной сети ТПУ |
| Langue: | russe |
| Publié: |
2016
|
| Sujets: | |
| Accès en ligne: | http://www.lib.tpu.ru/fulltext2/m/2016/m098.pdf |
| Format: | Électronique Livre |
| KOHA link: | https://koha.lib.tpu.ru/cgi-bin/koha/opac-detail.pl?biblionumber=322431 |
MARC
| LEADER | 00000nam2a2200000 4500 | ||
|---|---|---|---|
| 001 | 322431 | ||
| 005 | 20250711173144.0 | ||
| 035 | |a (RuTPU)RU\TPU\book\347990 | ||
| 090 | |a 322431 | ||
| 100 | |a 20160927d2016 m y0rusy50 ca | ||
| 101 | 0 | |a rus | |
| 102 | |a RU | ||
| 105 | |a a j 001zy | ||
| 135 | |a drcn ---uucaa | ||
| 181 | 0 | |a i | |
| 182 | 0 | |a b | |
| 200 | 0 | |a Ч. 1 : Линейная алгебра. Векторная алгебра. Аналитическая геометрия | |
| 203 | |a Текст |c электронный | ||
| 210 | |d 2016 | ||
| 300 | |a Заглавие с титульного экрана | ||
| 330 | |a Пособие содержит примеры и задачи по линейной алгебре, векторной алгебре и аналитической геометрии, является первой частью комплекта учебных пособий под общим названием «Сборник задач по математике». В каждой главе представлены необходимые для усвоения основных понятий теоретические сведения, большое количество задач разного уровня сложности на закрепление теоретического материала, многие из которых сопровождаются подробными решениями и иллюстрациями, проверочные тесты, варианты контрольных работ. Для организации самостоятельной работы студентов предусмотрен автоматизированный самоконтроль при наличии устройства «Символ-Вуз».Предназначено для студентов 1 курса машиностроительных специальностей технического вуза. | ||
| 333 | |a Режим доступа: из корпоративной сети ТПУ | ||
| 461 | 1 | |0 322430 |t Сборник задач по математике |o в 2 ч. |o учебное пособие |f Л. Б. Гиль, А. В. Тищенкова |g Национальный исследовательский Томский политехнический университет (ТПУ), Юргинский технологический институт (филиал) (ЮТИ), Кафедра информационных систем (ИС) |v Ч. 1 : Линейная алгебра. Векторная алгебра. Аналитическая геометрия |e 2-е изд. |d 2016 |9 322430 | |
| 606 | 1 | |a Математика |2 stltpush |3 (RuTPU)RU\TPU\subj\67327 |9 83171 | |
| 610 | 1 | |a электронный ресурс | |
| 610 | 1 | |a труды учёных ТПУ | |
| 610 | 1 | |a примеры | |
| 610 | 1 | |a задачи | |
| 610 | 1 | |a линейная алгебра | |
| 610 | 1 | |a векторная алгебра | |
| 610 | 1 | |a аналитическая геометрия | |
| 675 | |a 51(076) |v 3 | ||
| 700 | 1 | |a Гиль |b Л. Б. |c математик |c доцент Юргинского технологического института (филиала) Томского политехнического университета, кандидат педагогических наук |f 1963- |g Людмила Болеславна |9 10830 | |
| 701 | 1 | |a Тищенкова |b А. В. |c математик |c старший преподаватель Юргинского технологического института (филиала) Томского политехнического университета |f 1975- |g Анна Владимировна |9 10840 | |
| 712 | 0 | 2 | |a Национальный исследовательский Томский политехнический университет |b Юргинский технологический институт |c (2009- ) |9 26306 |
| 801 | 2 | |a RU |b 63413507 |c 20160927 |g RCR | |
| 850 | |a 63413507 | ||
| 856 | 4 | |u http://www.lib.tpu.ru/fulltext2/m/2016/m098.pdf | |
| 942 | |c CF | ||